Mots mal orthographiés #1 - Statistiques

Statistiques générales
  • Ce quiz a été pris 655 fois
  • Le résultat moyen est 7 sur 15
Answers on the Grid
Answers color-coded by a green-red scale on the quiz's grid according to % correct below.
Subtilemment
Ululer
Arcaïque
Cronologie
Hippopotame
Temp
Pirhana
Philosophie
Psycologie
Personnelement
Gracieuseté
Heureusemment
Saussisson
Atentat
Terroristre
Cricket
Filandreux
Boulevar
Questionement
Honteux
Réellement
Jetter
Métrera
Orientation
Physicienne
Xénophobie
Porceleine
Vilain
Pétri
Vizirs
 
Statistiques - réponses
Réponse % Correct
Temp
70%
Cronologie
64%
Psycologie
60%
Personnelement
59%
Atentat
55%
Terroristre
53%
Subtilemment
51%
Boulevar
50%
Pirhana
46%
Saussisson
46%
Questionement
44%
Jetter
43%
Heureusemment
39%
Porceleine
33%
Arcaïque
25%
Aucun quiz correspondant
Distribution des résultats
% des personnes avec chaque résultat
Percentile par nombre de réponses
Votre historique - résultats
Vous n’avez pas pris ce quiz